00882nam a2200217 a 450000100100000000500170001000800410002704000250006808200150009310000510010824500790015926000460023830000270028450400540031165000520036565000610041765000470047804900090052595201130053499900170064700001727820240305085225.0100322s1981 dr a 000 0 spa d aDO-SdBNPbspacBNPHU a323bB253s1 aBarinas Coiscou, Sócrates,d1916-202192437910aSanto Domingo :bcuna del derecho de gentes /cSócrates Barinas Coiscou. aSanto DomingofImpresos de Calidadc1981. a69 p. :bil. ;c22 cm. aIncluye referencias bibliográficas ( p. 67-68). 4aDerechos humanoszRepública Dominicana912374 4aDelitos contra la personazRepública Dominicana937933 4aViolación de los derechos humanos930684 aBNPD 0010718PDaPDbPDcCTd2010-03-22iLF1l0o323 B253sp17278-10r2020-06-25w2020-06-25yLFPDZNo se presta c16803d16803